000 00553nam a2200205Ia 4500
005 20250505125010.0
008 008 250505s9999 xx 000 0 eng d
037 _aTextbook
040 _aLCO
_beng
_cLCO
041 _aeng
_2eng
084 _aZ2,5q R4
_qLCO
100 _a Maheshwari, Bharat P.
_9754056
245 0 _aBhartiya Nyaya Sanhita
_cBharat P. Maheshwari
260 _aHaryana, India
_bLexis Nexis
_c2024
300 _a358
365 _aINR
_b525
650 _aLaw
942 _cTB
_hZ2,5q R4
999 _c1311024
_d1311024